Bayern Kader 2024/25 - Statistiken

Allgemein
  • Dieses Quiz wurde 701 mal gespielt
  • Das Durchschnittsergebnis liegt bei 21 aus 28
Antwortstatistiken
Position Player % Korrekt
GK Manuel Neuer
100%
VER Minjae Kim
97%
ATT Harry Kane
95%
MIT Joshua Kimmich
94%
VER Dayot Upamecano
92%
GK Sven Ulreich
91%
ATT Leroy Sané
90%
MIT Leon Goretzka
89%
ATT Serge Gnabry
88%
VER Alphonso Davies
86%
ATT Thomas Müller
86%
MIT Jamal Musiala
84%
Trainer Vincent Kompany
83%
ATT Kingsley Coman
79%
ATT Michael Olise
79%
MIT Aleksander Pavlovic
77%
MIT Konrad Laimer
73%
GK Daniel Peretz
70%
VER Eirc Dier
70%
ATT Mathys Tel
70%
VER Josip Stanišić
63%
VER Raphaël Guerreiro
61%
VER Sacha Boey
60%
VER Hiroki Ito
55%
MIT João Palhinha
43%
VER Tarek Buchmann
34%
MIT Arijon Ibrahimović
26%
MIT Gabriel Vidović
19%
Keine übereinstimmenden Quizze gefunden
Verteilung der Resultate
Anzahl Personen mit jedem Resultat
Perzentil nach korrekt beantworteten Fragen
Ihre Resultats-Entwicklung
Sie haben dieses Quiz noch nicht gespielt